[Event "Interclubs Adultes"]
[Site "?"]
[Date "2003.11.16"]
[Round "2.6"]
[White "Garnier, Jacques"]
[Black "L'Hermitte, Emmanuel"]
[Result "0-1"]
[WhiteElo "1800"]
[BlackElo "1900"]
[PlyCount "138"]
[EventDate "2003.??.??"]

1. c4 Nf6 2. g3 c5 3. Bg2 Nc6 4. Nc3 g6 5. a3 Bg7 6. Rb1 a6 7. b4 cxb4 8. axb4
Rb8 9. b5 axb5 10. Nxb5 O-O 11. Nf3 d5 12. cxd5 Nxd5 13. O-O Be6 14. Bb2 f6 15.
d4 Ndb4 16. e4 Bc4 17. Na3 Bxf1 18. Bxf1 Na6 19. d5 Ne5 20. Nd4 Nc5 21. f4 Ned7
22. Qe2 Re8 23. Bh3 Nf8 24. Nab5 e6 25. dxe6 Nfxe6 26. Nxe6 Nxe6 27. Qc4 Qb6+
28. Nd4 f5 29. e5 Rbd8 30. Qb5 Qxb5 31. Nxb5 Bf8 32. Bg2 b6 33. Bc6 Re7 34. Nd6
Rc7 35. Bd5 Re7 36. Ba3 Kg7 37. Rxb6 Nc7 38. Bb3 Red7 39. Ba4 Nd5 40. Rb5 Nc3
41. Ra5 Nxa4 42. Rxa4 Bxd6 43. Bxd6 Rc8 44. Rd4 Kf7 45. Rd2 Ke6 46. Kg2 h6 47.
Kf3 Rc3+ 48. Kg2 g5 49. Rf2 g4 50. Bf8 h5 51. Bh6 Rd1 52. Bg5 Rcc1 53. Re2 Rg1+
54. Kf2 Rcf1+ 55. Ke3 Re1 56. Rxe1 Rxe1+ 57. Kf2 Rb1 58. Bh4 Rb2+ 59. Kg1 Kd5
60. Bf6 Rc2 61. Bd8 Ke4 62. Ba5 Kf3 63. Be1 Rg2+ 64. Kh1 Re2 65. Bb4 Rb2 66.
Bc5 Rb1+ 67. Bg1 h4 68. h3 gxh3 69. gxh4 Kg3 0-1

[Event "Interclubs Adultes"]
[Site "?"]
[Date "2003.11.16"]
[Round "2.7"]
[White "Tartarin, Didier"]
[Black "Laurain, Francis"]
[Result "1-0"]
[WhiteElo "1880"]
[BlackElo "1890"]
[PlyCount "87"]
[EventDate "2003.??.??"]

1. e4 c5 2. c4 Nc6 3. g3 g6 4. Bg2 Bg7 5. Ne2 d6 6. Nbc3 Nf6 7. d3 Bd7 8. O-O
O-O 9. Bg5 Qc8 10. Qd2 Nd4 11. Nxd4 cxd4 12. Bxf6 exf6 13. Nd5 Re8 14. Qf4 f5
15. Qxd6 Be5 16. Ne7+ Rxe7 17. Qxe7 Qc7 18. f4 Bg7 19. e5 Bf8 20. Qf6 Re8 21.
Bd5 Be6 22. Bxe6 Rxe6 23. Qh4 Be7 24. Qh3 f6 25. exf6 Bxf6 26. Rfe1 Qe7 27.
Rxe6 Qxe6 28. Qf1 Qe3+ 29. Kh1 Kf7 30. Re1 Qd2 31. Qe2 Qb4 32. a3 Qb6 33. b4
Qc6+ 34. Qg2 Qd7 35. Qd5+ Qxd5+ 36. cxd5 g5 37. Re6 g4 38. a4 Bd8 39. Rh6 Kg7
40. Rd6 Be7 41. Rd7 Kf6 42. Rxb7 a5 43. bxa5 Bc5 44. a6 1-0

[Event "Interclubs Adultes"]
[Site "?"]
[Date "2003.11.16"]
[Round "2.8"]
[White "Roux, Pascal"]
[Black "Roussel, Pierre-Olivier"]
[Result "1/2-1/2"]
[WhiteElo "1730"]
[BlackElo "1850"]
[PlyCount "53"]
[EventDate "2003.??.??"]

1. e4 c5 2. Nf3 d6 3. d4 cxd4 4. Nxd4 Nf6 5. Nc3 g6 6. Be3 Bg7 7. Be2 O-O 8.
O-O Nc6 9. f4 Qb6 10. Na4 Qa5 11. Nxc6 bxc6 12. Nc3 Rb8 13. Rb1 Rd8 14. Bf3 Be6
15. a3 Bc4 16. Re1 Kf8 17. Qd4 Ba6 18. Qxa7 Rb7 19. Qd4 Nd5 20. e5 dxe5 21.
fxe5 Nxc3 22. Qxc3 Qxc3 23. bxc3 Rxb1 24. Rxb1 Bxe5 25. Bh6+ Kg8 26. Bxc6 Bxc3
27. Be4 1/2-1/2

[Event "Interclubs Adultes"]
[Site "?"]
[Date "2003.12.07"]
[Round "3.1"]
[White "Debray, Tristan"]
[Black "Thevenet, Yann"]
[Result "0-1"]
[WhiteElo "2051"]
[BlackElo "2138"]
[PlyCount "68"]
[EventDate "2003.??.??"]

1. e4 e5 2. Bc4 Nc6 3. d3 Bc5 4. Nc3 Nf6 5. f4 exf4 6. Bxf4 d6 7. Nf3 Bg4 8. h3
Nh5 9. hxg4 Nxf4 10. Qd2 Be3 11. Qd1 Nxg2+ 12. Ke2 Bb6 13. Nd5 Qd7 14. Qf1 Qxg4
15. Kd2 Nd4 16. Nxd4 Qg5+ 17. Kc3 Bxd4+ 18. Kb3 O-O-O 19. c3 Ne3 20. Qh3+ Kb8
21. cxd4 Nxd5 22. Bxd5 c6 23. Bxf7 Rhf8 24. Rhf1 Qb5+ 25. Kc3 Qa5+ 26. Kc2 Qa4+
27. Kc3 c5 28. d5 Qd4+ 29. Kc2 c4 30. Rad1 c3 31. b3 Rc8 32. Qg3 Qb4 33. Be6
Qa3 34. Bxc8 Qb2# 0-1

[Event "Interclubs Adultes"]
[Site "?"]
[Date "2003.12.07"]
[Round "3.2"]
[White "Gouy, Frederic"]
[Black "Vincent, Jean-Christophe"]
[Result "1-0"]
[WhiteElo "2162"]
[BlackElo "1880"]
[PlyCount "42"]
[EventDate "2003.??.??"]

1. e4 a6 2. d4 e6 3. Nf3 b5 4. Bd3 Bb7 5. O-O Nf6 6. Re1 Be7 7. a4 b4 8. c4 d6
9. Nbd2 c5 10. d5 e5 11. Nf1 a5 12. Nh4 Bc8 13. Nf5 Bxf5 14. exf5 g6 15. fxg6
Nxd5 16. Be4 fxg6 17. Bxd5 Ra7 18. Ng3 Nd7 19. Qg4 Nf6 20. Bc6+ Kf8 21. Ne4 h6
1-0

[Event "Interclubs Adultes"]
[Site "?"]
[Date "2003.12.07"]
[Round "3.3"]
[White "Sainseaux, Patrice"]
[Black "Vernay, Denis"]
[Result "0-1"]
[WhiteElo "1870"]
[BlackElo "1820"]
[PlyCount "56"]
[EventDate "2003.??.??"]

1. e4 c6 2. Nf3 d5 3. exd5 cxd5 4. d4 Nf6 5. Bd3 Bg4 6. Bb5+ Bd7 7. Qd3 a6 8.
Bxd7+ Nbxd7 9. O-O e6 10. Nc3 Be7 11. a3 O-O 12. Bf4 b5 13. Rfe1 Ne8 14. Re2
Nd6 15. Rae1 Nb6 16. Ne5 Rc8 17. Re3 Bg5 18. Rh3 g6 19. Qg3 Bxf4 20. Qxf4 Nf5
21. Ng4 h5 22. Nh6+ Kg7 23. Nxf5+ exf5 24. Qe5+ Qf6 25. Qxf6+ Kxf6 26. Re5 Rfe8
27. Rhe3 Rxe5 28. Rxe5 Rc4 0-1

[Event "Interclubs Adultes"]
[Site "?"]
[Date "2003.12.07"]
[Round "3.4"]
[White "Nyd, Christopher"]
[Black "Ravot, Cyril"]
[Result "0-1"]
[WhiteElo "1710"]
[BlackElo "1830"]
[PlyCount "106"]
[EventDate "2003.??.??"]

1. d4 d6 2. c4 Nf6 3. Nc3 Bf5 4. Nf3 Nbd7 5. e3 e5 6. Be2 Be7 7. O-O c6 8. Nh4
Bg6 9. Nxg6 hxg6 10. b3 Qc7 11. d5 cxd5 12. Nxd5 Nxd5 13. cxd5 Nf6 14. Bb5+ Kf8
15. f3 a6 16. Be2 Qc5 17. Qd3 Qxd5 18. Qxd5 Nxd5 19. Rd1 Nc3 20. Rd2 Nxe2+ 21.
Rxe2 f6 22. Ba3 Kf7 23. Rc2 Rhc8 24. Rac1 Rxc2 25. Rxc2 Ke6 26. Rc7 Rb8 27. f4
b5 28. Bb4 Ra8 29. fxe5 fxe5 30. a3 a5 31. Bc3 a4 32. b4 Bf6 33. e4 Rd8 34. Rc6
Kd7 35. Rb6 Rc8 36. Be1 Rc4 37. Rxb5 Rxe4 38. Bf2 Rc4 39. g3 Rc3 40. Ra5 Rxa3
41. b5 e4 42. Ra7+ Ke6 43. b6 e3 44. Be1 Bd4 45. Ra6 Rb3 46. Rxa4 Bxb6 47. Ra2
d5 48. Ra6 Kf5 49. Ra4 d4 50. h3 Ke4 51. Rb4 Rxb4 52. Bxb4 Kf3 53. g4 d3 0-1

[Event "Interclubs Adultes"]
[Site "?"]
[Date "2003.12.07"]
[Round "3.5"]
[White "Laurain, Francis"]
[Black "Montoya, Alain"]
[Result "0-1"]
[WhiteElo "1890"]
[BlackElo "1630"]
[PlyCount "118"]
[EventDate "2003.??.??"]

1. g3 f5 2. Bg2 Nf6 3. d3 d5 4. Nf3 c5 5. Nbd2 Nc6 6. b3 e5 7. Bb2 Bd6 8. O-O
O-O 9. c4 d4 10. Nh4 g5 11. Bxc6 bxc6 12. Ng2 e4 13. e3 Be5 14. f4 gxf4 15.
gxf4 Bc7 16. Kh1 dxe3 17. Nxe3 Qxd3 18. Rg1+ Ng4 19. Ndf1 Kf7 20. Qxd3 Nf2+ 21.
Kg2 Nxd3 22. Ba3 Nxf4+ 23. Kh1 Nd3 24. Rg2 Be6 25. Nd2 Rg8 26. Rf1 Rxg2 27.
Kxg2 Kg6 28. Nc2 a5 29. Ne1 Nxe1+ 30. Rxe1 Bd6 31. Bb2 a4 32. Ra1 axb3 33. axb3
Rxa1 34. Bxa1 Kg5 35. Bc3 Kf4 36. Nf1 e3 37. Ng3 Bf7 38. Bg7 Be7 39. Bh6+ Bg5
40. Ne2+ Kg4 41. h3+ Kh5 42. Bf8 Be6 43. Bxc5 Kh4 44. Nd4 Bd7 45. Nf3+ Kh5 46.
Ne5 Be8 47. Nf3 Bh6 48. Nd4 Kg5 49. Be7+ Kf4 50. Ne2+ Ke4 51. Ng3+ Ke5 52. c5
f4 53. Bd6+ Kd5 54. Nf5 Bg5 55. h4 Bf6 56. Bxf4 Ke4 57. Nd6+ Kxf4 58. Nxe8 Bxh4
59. Kg1 Kf3 0-1

[Event "Interclubs Adultes"]
[Site "?"]
[Date "2003.12.07"]
[Round "3.6"]
[White "Domenech, Francois"]
[Black "Couillerot, David"]
[Result "1-0"]
[WhiteElo "1670"]
[BlackElo "1740"]
[PlyCount "55"]
[EventDate "2003.??.??"]

1. e4 c5 2. Nf3 e6 3. c4 Nc6 4. Nc3 d6 5. d3 Nf6 6. b3 Be7 7. Bb2 Qa5 8. Qd2
O-O 9. Be2 Ng4 10. O-O Bf6 11. Rfc1 Nd4 12. Nxd4 cxd4 13. Bxg4 dxc3 14. Bxc3
Bxc3 15. Qxc3 Qg5 16. Bf3 f5 17. e5 dxe5 18. Qxe5 a5 19. d4 Qd2 20. d5 Ra6 21.
Rd1 Qg5 22. d6 Rd8 23. c5 b5 24. c6 Ra7 25. d7 Ba6 26. Qxe6+ Kf8 27. Qd6+ Qe7
28. c7 1-0

[Event "Interclubs Adultes"]
[Site "?"]
[Date "2003.12.07"]
[Round "3.7"]
[White "Parard, Sylvain"]
[Black "Vernet, Renaud"]
[Result "1-0"]
[WhiteElo "1499"]
[BlackElo "1499"]
[PlyCount "43"]
[EventDate "2003.??.??"]

1. d4 d5 2. Nf3 f6 3. c4 Nc6 4. Nc3 e5 5. cxd5 Nb4 6. dxe5 Bf5 7. e4 Bg6 8. a3
Nh6 9. axb4 Bxb4 10. Qa4+ c6 11. Qxb4 a5 12. Qxb7 O-O 13. Bxh6 Rf7 14. Qxc6
gxh6 15. e6 Rc7 16. Qa4 Rb7 17. Bb5 Qd6 18. O-O h5 19. Bc6 Rb4 20. Qa3 Ra6 21.
Na2 Rxe4 22. Qxd6 1-0

[Event "Interclubs Adultes"]
[Site "?"]
[Date "2003.12.07"]
[Round "3.8"]
[White "Hurault, Frederic"]
[Black "Creston, Henri"]
[Result "1/2-1/2"]
[WhiteElo "1380"]
[BlackElo "1170"]
[PlyCount "156"]
[EventDate "2003.??.??"]

1. c4 Nf6 2. Nc3 e6 3. Nf3 d5 4. e3 Bb4 5. Qa4+ Nc6 6. Ne5 Qd6 7. d4 Bxc3+ 8.
bxc3 Bd7 9. Ba3 Nxe5 10. dxe5 Qxe5 11. Qb4 Qd6 12. Qxb7 Qc6 13. Qb4 Qd6 14.
Qxd6 cxd6 15. Bxd6 Ne4 16. Be5 f6 17. f3 fxe5 18. fxe4 dxc4 19. Bxc4 Rc8 20.
Bb3 Rxc3 21. Kd2 Rc8 22. Rac1 Ke7 23. Rhf1 Bc6 24. Bc2 Rhd8+ 25. Ke1 a6 26. Rf3
Bb5 27. Rf2 Bd7 28. Rb1 Ra8 29. Rb7 Rab8 30. Ra7 Ra8 31. Rxa8 Rxa8 32. Rf3 Rc8
33. Kd2 Bb5 34. g4 Rd8+ 35. Ke1 Rf8 36. Rh3 h6 37. Kd2 Rd8+ 38. Kc3 Rc8+ 39.
Kb2 Rf8 40. Ka3 Rf2 41. Bb3 Bc6 42. Rh5 Kf6 43. h4 Bxe4 44. g5+ Kg6 45. gxh6
gxh6 46. Rxe5 Bf5 47. e4 Bg4 48. Bxe6 Bxe6 49. Rxe6+ Rf6 50. h5+ Kg7 51. Re7+
Kf8 52. Ra7 Re6 53. Kb3 Re5 54. Rxa6 Rxh5 55. Kc4 Kg7 56. Kd4 Rb5 57. a4 Rb4+
58. Ke5 Rb7 59. Kf5 Rf7+ 60. Ke5 h5 61. Kd5 h4 62. e5 h3 63. Rc6 Ra7 64. Rc4 h2
65. Rh4 Rxa4 66. Rxh2 Ra5+ 67. Ke6 Ra6+ 68. Kf5 Kf7 69. Rh7+ Kg8 70. Rd7 Rh6
71. e6 Kf8 72. Ke5 Ke8 73. Kd6 Rh4 74. Rb7 Rd4+ 75. Ke5 Rd1 76. Rb4 Ke7 77.
Rb7+ Ke8 78. e7 Re1+ 1/2-1/2

[Event "Interclubs Adultes"]
[Site "?"]
[Date "2003.12.07"]
[Round "3.1"]
[White "Bellon, Yves"]
[Black "Wambst, Guillaume"]
[Result "0-1"]
[WhiteElo "1910"]
[BlackElo "2013"]
[PlyCount "68"]
[EventDate "2003.??.??"]

1. c4 Nf6 2. Nc3 g6 3. e4 Bg7 4. e5 Ng8 5. d4 Nh6 6. h4 c5 7. h5 Nf5 8. h6 Bf8
9. d5 d6 10. Nf3 dxe5 11. Nxe5 f6 12. Nf3 e5 13. Bd3 Na6 14. a3 Nc7 15. Qc2 Kf7
16. Bd2 a6 17. Kf1 Be7 18. Re1 b5 19. b3 Nd4 20. Nxd4 cxd4 21. Nb1 Bd7 22. f4
bxc4 23. bxc4 Rc8 24. Qa2 Bc5 25. fxe5 fxe5 26. Rxe5 Qf6+ 27. Ke1 Qxe5+ 28. Kd1
Bg4+ 29. Kc1 Rhf8 30. Bb4 Qe3+ 31. Qd2 Qxd2+ 32. Nxd2 Bxb4 33. axb4 Nxd5 34. c5
Nxb4 0-1

[Event "Interclubs Adultes"]
[Site "?"]
[Date "2003.12.07"]
[Round "3.2"]
[White "Rossi, Giovanni"]
[Black "Massard, Christian"]
[Result "1-0"]
[WhiteElo "2009"]
[BlackElo "1880"]
[PlyCount "59"]
[EventDate "2003.??.??"]

1. d4 g6 2. c4 Bg7 3. Nf3 Nf6 4. Nc3 d6 5. e4 O-O 6. Be2 e5 7. Bg5 h6 8. dxe5
hxg5 9. exf6 Bxf6 10. Qd2 Nc6 11. h4 g4 12. Nh2 Bxc3 13. bxc3 Qxh4 14. O-O-O
Qf6 15. Bxg4 Ne5 16. Bxc8 Raxc8 17. f4 Nxc4 18. Qd3 Qxf4+ 19. Kb1 Ne5 20. Qh3
Qxe4+ 21. Ka1 Qf5 22. Ng4 Qh5 23. Nf6+ Kg7 24. Nxh5+ gxh5 25. Qxh5 Kf6 26.
Rdf1+ Ke6 27. Qf5+ Ke7 28. Re1 Rce8 29. Rxe5+ dxe5 30. Rd1 1-0

[Event "Interclubs Adultes"]
[Site "?"]
[Date "2003.12.07"]
[Round "3.3"]
[White "Mujic, Saban"]
[Black "Almagro, Luc"]
[Result "1-0"]
[WhiteElo "1870"]
[BlackElo "1914"]
[PlyCount "163"]
[EventDate "2003.??.??"]

1. d4 Nf6 2. c4 e6 3. Nc3 d5 4. Nf3 Nbd7 5. Bg5 c6 6. e3 Qa5 7. Qc2 Bb4 8. a3
Ne4 9. Rc1 Bxc3+ 10. bxc3 Qxa3 11. cxd5 exd5 12. Bd3 Ndf6 13. O-O O-O 14. Bf4
Qe7 15. Nd2 Bf5 16. f3 Nxd2 17. Qxd2 Bxd3 18. Qxd3 Nh5 19. Bg3 Nxg3 20. hxg3 b5
21. Kf2 Qf6 22. Rh1 Qg6 23. Qd2 a5 24. Rh4 f5 25. f4 Qe6 26. Rch1 h6 27. Qe2 b4
28. cxb4 axb4 29. Rb1 Rfb8 30. Rhh1 Ra3 31. Rhd1 Qe4 32. Rb2 b3 33. Rd3 Rb4 34.
Rc3 Rc4 35. Rxc4 dxc4 36. Qxc4+ Qd5 37. Qxd5+ cxd5 38. Ke1 Kf7 39. Kd2 Ra2 40.
Kc3 Kf6 41. Kxb3 Ra7 42. Kc2 Kf7 43. Kd3 Kg6 44. Ke2 Rd7 45. Kf3 h5 46. Rb6+
Kf7 47. Kf2 Ke7 48. Kg1 Kf7 49. Kh2 Re7 50. Rb3 Rc7 51. Rb5 Ke6 52. Rb6+ Kf7
53. Rd6 Re7 54. Rxd5 Rxe3 55. Rxf5+ Kg6 56. Rb5 Rd3 57. d5 Kh6 58. Kh3 g6 59.
Kh4 Rd2 60. Kh3 Rd3 61. Kh2 Rd1 62. g4 hxg4 63. Kg3 Rd2 64. Kxg4 Rxg2+ 65. Kf3
Rd2 66. Ke4 Rd1 67. Rb6 Re1+ 68. Kd4 Rd1+ 69. Kc5 Rc1+ 70. Kd6 Kg7 71. Rb4 Kf7
72. Kd7 Rd1 73. d6 Rd2 74. Kc7 Rc2+ 75. Kd8 Rd2 76. d7 Rd1 77. Rb7 Kf8 78. Rb4
Kf7 79. Rc4 Kf6 80. Rc6+ Kf5 81. Kc7 Kxf4 82. Rxg6 1-0

[Event "Interclubs Adultes"]
[Site "?"]
[Date "2003.12.07"]
[Round "3.4"]
[White "L'Hermitte, Emmanuel"]
[Black "Bednar, Emile"]
[Result "0-1"]
[WhiteElo "1900"]
[BlackElo "1870"]
[PlyCount "76"]
[EventDate "2003.??.??"]

1. d4 d5 2. c4 c6 3. Nc3 e6 4. e3 Nf6 5. Nf3 Nbd7 6. Bd3 Be7 7. O-O O-O 8. b3
a6 9. Bb2 h6 10. Re1 Bb4 11. a3 Bd6 12. Rc1 Qe7 13. cxd5 cxd5 14. b4 b5 15. e4
dxe4 16. Nxe4 Bb7 17. Nc5 Bd5 18. Ne5 Rfd8 19. Qe2 Nb6 20. f4 Nfd7 21. Nexd7
Nxd7 22. f5 Nxc5 23. dxc5 Bf4 24. f6 Qc7 25. Rc3 Bxh2+ 26. Kh1 Qf4 27. Qh5 Qf2
28. Qg4 Qxe1+ 29. Kxh2 Qe5+ 30. Kh1 Qxf6 31. Rc2 Qg5 32. Qh3 f5 33. Bc1 Qg4 34.
Qe3 Be4 35. Rd2 Rd5 36. Bxe4 Qxe4 37. Qg1 Rad8 38. Rxd5 Rxd5 0-1

[Event "Interclubs Adultes"]
[Site "?"]
[Date "2003.12.07"]
[Round "3.5"]
[White "Vinot, Raoul"]
[Black "Tartarin, Didier"]
[Result "0-1"]
[WhiteElo "1580"]
[BlackElo "1880"]
[PlyCount "70"]
[EventDate "2003.??.??"]

1. d4 d5 2. c4 e6 3. Nc3 c6 4. Nf3 Nf6 5. Bg5 Nbd7 6. e3 Be7 7. cxd5 exd5 8.
Bd3 O-O 9. O-O Re8 10. Re1 h6 11. Bh4 Ne4 12. Bxe7 Qxe7 13. Qc2 Nf8 14. Nd2
Nxd2 15. Qxd2 Be6 16. e4 dxe4 17. Rxe4 Qc7 18. Rae1 Red8 19. R1e3 Bf5 20. Re7
Qf4 21. Bxf5 Qxf5 22. Rf3 Qg6 23. Rxb7 Rd7 24. Rxd7 Nxd7 25. h3 Rd8 26. Rg3 Qf6
27. Ne4 Qe6 28. f3 Nb6 29. Qf4 Nd5 30. Qe5 Qxe5 31. dxe5 Nf4 32. Nf6+ Kf8 33.
Nh7+ Ke7 34. Kf2 Nd3+ 35. Ke3 Nxe5 0-1

[Event "Interclubs Adultes"]
[Site "?"]
[Date "2003.12.07"]
[Round "3.6"]
[White "Moissonnier, Noel"]
[Black "Farge, Damien"]
[Result "1-0"]
[WhiteElo "1850"]
[BlackElo "1610"]
[PlyCount "97"]
[EventDate "2003.??.??"]

1. d4 d5 2. c4 c6 3. Nc3 Nf6 4. Bf4 Bf5 5. Nf3 g6 6. Qd2 Bg7 7. Bh6 O-O 8. Bxg7
Kxg7 9. e3 Ne4 10. Nxe4 Bxe4 11. Ng5 Bf5 12. h4 e6 13. f3 h6 14. g4 hxg5 15.
gxf5 gxh4 16. fxg6 fxg6 17. f4 Nd7 18. Bd3 Rh8 19. O-O-O Qf6 20. Rdg1 Rh6 21.
Rg5 h3 22. Qe1 Nf8 23. Rhg1 h2 24. Rh1 Rh3 25. Qf2 a6 26. cxd5 cxd5 27. Rxh2
Rc8+ 28. Kb1 Rxh2 29. Qxh2 Kf7 30. Qg2 b5 31. Qg4 Rc6 32. a3 Qh8 33. Qg2 Qf6
34. Qg1 Qh8 35. e4 dxe4 36. Bxe4 Rd6 37. d5 Qf6 38. dxe6+ Qxe6 39. Qa7+ Rd7 40.
Qa8 Qf6 41. Bd5+ Kg7 42. Qb8 Ne6 43. Qc8 Nf8 44. Qc1 Re7 45. f5 Re5 46. Be6 Re2
47. Rg1 Rh2 48. Qc7+ Kh6 49. Qxh2+ 1-0

[Event "Interclubs Adultes"]
[Site "?"]
[Date "2003.12.07"]
[Round "3.7"]
[White "Gregoire, Patrick"]
[Black "Ortega, Ludovic"]
[Result "0-1"]
[WhiteElo "1499"]
[BlackElo "1480"]
[PlyCount "66"]
[EventDate "2003.??.??"]

1. e4 e5 2. Nf3 Nc6 3. Bc4 Nf6 4. Nc3 Bc5 5. O-O O-O 6. d3 h6 7. Be3 b6 8. d4
exd4 9. Nxd4 Ne5 10. b3 Bb7 11. f3 Nxc4 12. bxc4 Ba6 13. Qe2 Re8 14. Nd5 Nxd5
15. exd5 Bxd4 16. Kh1 Bxa1 17. Rxa1 Bxc4 18. Qf2 Bxd5 19. Bd2 Qf6 20. Rd1 Re6
21. c3 Rae8 22. Qg3 Qe5 23. Qxe5 Rxe5 24. h3 Re2 25. a3 Bb3 26. Rb1 Bc2 27. Rb4
Rxd2 28. Kh2 Bd1 29. a4 Bxf3 30. Kg3 Bxg2 31. Kg4 Re4+ 32. Rxe4 Bxe4 33. Kf4
Bc6 0-1

[Event "Interclubs Adultes"]
[Site "?"]
[Date "2003.12.07"]
[Round "3.8"]
[White "Moissonnier, Sylvain"]
[Black "Gregoire, Michele"]
[Result "1-0"]
[WhiteElo "1420"]
[BlackElo "1499"]
[PlyCount "107"]
[EventDate "2003.??.??"]

1. e4 e6 2. d4 d5 3. exd5 Qxd5 4. c4 Qd7 5. Nf3 f6 6. Be2 b6 7. O-O Bb7 8. Be3
a5 9. a3 Na6 10. Nc3 Bc6 11. Nd2 Ne7 12. Bd3 Nf5 13. Nde4 Nxe3 14. fxe3 Be7 15.
Qe2 O-O-O 16. Rfb1 f5 17. Nd2 Rdf8 18. c5 b5 19. Bxb5 Bxb5 20. Qxb5 Qxb5 21.
Nxb5 c6 22. Nc3 g5 23. b4 Kc7 24. bxa5 g4 25. Rb6 Nb8 26. Rab1 Kd7 27. Rb7+ Ke8
28. Rxb8+ Kf7 29. Rxf8+ Rxf8 30. Rb6 Rc8 31. a6 Kf6 32. a7 Ra8 33. Ra6 h5 34.
Na4 Bd8 35. Nb6 Rxa7 36. Rxa7 Kg6 37. Rd7 Bg5 38. Ndc4 h4 39. a4 f4 40. exf4
Bxf4 41. a5 Kf5 42. Rf7+ Ke4 43. Rxf4+ Kxf4 44. a6 Ke4 45. a7 Kd3 46. a8=Q Kxd4
47. Qd8+ Kxc5 48. Qd6+ Kb5 49. Ne5 Kxb6 50. Qxc6+ Ka5 51. Qb7 Ka4 52. Kf2 Ka5
53. Nc6+ Ka4 54. Qb4# 1-0

[Event "Interclubs Adultes"]
[Site "?"]
[Date "2003.12.07"]
[Round "3.1"]
[White "Mulas, Gianmmarco"]
[Black "Andrez, Marc-Olivier"]
[Result "1-0"]
[WhiteElo "2106"]
[BlackElo "2173"]
[PlyCount "65"]
[EventDate "2003.??.??"]

1. c4 g6 2. Nc3 Bg7 3. g3 Nc6 4. Bg2 d6 5. Nf3 e5 6. d3 h6 7. Bd2 Be6 8. Qa4
Nf6 9. O-O O-O 10. b4 Qd7 11. Rfd1 Bh3 12. Bh1 Ng4 13. Rab1 f5 14. b5 Ne7 15.
e3 f4 16. exf4 exf4 17. Ne2 g5 18. Qb3 fxg3 19. hxg3 Rxf3 20. Bxf3 Rf8 21. c5+
Kh8 22. cxd6 cxd6 23. Nf4 gxf4 24. Bxf4 Ng6 25. Qa4 Nxf4 26. gxf4 Qf5 27. Rb4
Ne5 28. Bxb7 Nxd3 29. Rxd3 Qxd3 30. Qxa7 d5 31. Kh2 Bf5 32. Qe3 Qxe3 33. fxe3
1-0

[Event "Interclubs Adultes"]
[Site "?"]
[Date "2003.12.07"]
[Round "3.2"]
[White "Alessandri, Pascal"]
[Black "Anthoine-Milhomme, Jean-Pierre"]
[Result "1-0"]
[WhiteElo "2044"]
[BlackElo "1940"]
[PlyCount "59"]
[EventDate "2003.??.??"]

1. e4 e5 2. f4 exf4 3. Bc4 Qh4+ 4. Kf1 d6 5. d4 Nf6 6. Nf3 Bg4 7. Qd3 Bxf3 8.
Qxf3 g5 9. g3 Qh3+ 10. Ke1 Bh6 11. e5 d5 12. exf6 dxc4 13. Qxb7 Qe6+ 14. Kf2
O-O 15. gxf4 Nc6 16. Qa6 Rfe8 17. Nc3 Qxf6 18. d5 Qd4+ 19. Kg2 Re2+ 20. Nxe2
Qe4+ 21. Kf2 Qxh1 22. Qxc6 Qxh2+ 23. Ke1 Qh1+ 24. Kf2 Qh2+ 25. Kf1 Qh1+ 26. Ng1
Rd8 27. Be3 Rxd5 28. Re1 gxf4 29. Bd4 Rg5 30. Qxh1 1-0

[Event "Interclubs Adultes"]
[Site "?"]
[Date "2003.12.07"]
[Round "3.3"]
[White "Colas, Yves"]
[Black "Alvarez, Stephane"]
[Result "0-1"]
[WhiteElo "1975"]
[BlackElo "2007"]
[PlyCount "48"]
[EventDate "2003.??.??"]

1. d4 d5 2. c4 c6 3. e3 Nf6 4. Nf3 e6 5. Nc3 Nbd7 6. Qc2 Bd6 7. c5 Bc7 8. b4 e5
9. dxe5 Nxe5 10. Nxe5 Bxe5 11. Bb2 O-O 12. Ne2 Qe7 13. Rd1 Bg4 14. Bxe5 Qxe5
15. Rd4 Rfe8 16. h3 Bf5 17. Qd2 Ne4 18. Qd1 a5 19. g4 Bg6 20. a3 axb4 21. axb4
Ra2 22. Bg2 Nxf2 23. Kxf2 Qxe3+ 24. Kf1 Rxe2 0-1

[Event "Interclubs Adultes"]
[Site "?"]
[Date "2003.12.07"]
[Round "3.4"]
[White "Dubois, Herve"]
[Black "Vidalinc, Jean-Louis"]
[Result "1-0"]
[WhiteElo "2007"]
[BlackElo "2040"]
[PlyCount "95"]
[EventDate "2003.??.??"]

1. c4 Nf6 2. Nf3 e6 3. g3 d5 4. Bg2 c6 5. b3 Nbd7 6. Bb2 b6 7. O-O Be7 8. d3
O-O 9. Nbd2 Bb7 10. Re1 Rc8 11. e4 dxe4 12. dxe4 Nc5 13. Re2 Nd3 14. Bxf6 Bxf6
15. e5 Be7 16. Ne4 Nb4 17. Rd2 Qe8 18. Nd6 Bxd6 19. exd6 Rd8 20. a3 Na6 21. Qc2
f6 22. Rad1 Rd7 23. Bh3 c5 24. Nh4 f5 25. Re1 Be4 26. Qc3 g5 27. f3 gxh4 28.
fxe4 hxg3 29. hxg3 Qh5 30. Rh2 Qg5 31. exf5 exf5 32. Qd3 Rg7 33. Rg2 Nb8 34.
Re5 Rgf7 35. Qd5 Kh8 36. Ree2 Nd7 37. Qf3 Qf6 38. Kh2 Ne5 39. Qf4 Ng6 40. Qd2
Rd7 41. Rgf2 Rxd6 42. Qc2 f4 43. gxf4 Nxf4 44. Qe4 Qh6 45. Qe3 Kg8 46. Rxf4
Rxf4 47. Qg3+ Kh8 48. Rd2 1-0

[Event "Interclubs Adultes"]
[Site "?"]
[Date "2003.12.07"]
[Round "3.5"]
[White "Scherrer, Roch"]
[Black "Darcet, Bruno"]
[Result "1-0"]
[WhiteElo "1790"]
[BlackElo "1840"]
[PlyCount "59"]
[EventDate "2003.??.??"]

1. c4 Nf6 2. d4 d5 3. cxd5 Nxd5 4. e4 Nb6 5. Nc3 e6 6. Nf3 Be7 7. Bf4 a6 8. Be2
N8d7 9. Rc1 O-O 10. O-O Bd6 11. Bg5 Bxh2+ 12. Kxh2 f6 13. Bf4 g5 14. Be3 g4 15.
Ne1 f5 16. Rh1 f4 17. Bd2 Nf6 18. Bxg4 e5 19. Bxc8 Qxc8 20. dxe5 Ng4+ 21. Kg1
Qe6 22. Nd5 Nxd5 23. exd5 Qf5 24. Rxc7 h5 25. Bc3 Rac8 26. Rxb7 f3 27. Nxf3
Rxc3 28. bxc3 Nxe5 29. d6 Ng4 30. Qb1 1-0

[Event "Interclubs Adultes"]
[Site "?"]
[Date "2003.12.07"]
[Round "3.6"]
[White "Trouillet, Francois"]
[Black "Chamba, Antoine"]
[Result "0-1"]
[WhiteElo "1840"]
[BlackElo "1780"]
[PlyCount "44"]
[EventDate "2003.??.??"]

1. e4 e5 2. Nf3 Nc6 3. Bb5 a6 4. Bxc6 dxc6 5. O-O Bg4 6. h3 h5 7. d3 Bc5 8.
Nbd2 Qf6 9. Nb3 Bb6 10. Be3 Ne7 11. Re1 Ng6 12. Kf1 Nf4 13. Bxb6 cxb6 14. Re3
Be6 15. Nh2 g5 16. g4 hxg4 17. Nxg4 Qg7 18. Rg3 Rxh3 19. Qf3 Rxg3 20. fxg3 Nh5
21. Kg2 f5 22. exf5 Bd5 0-1

[Event "Interclubs Adultes"]
[Site "?"]
[Date "2003.12.07"]
[Round "3.7"]
[White "Nguyen-Dinh, Dominique"]
[Black "Charbonnier, Christophe"]
[Result "1/2-1/2"]
[WhiteElo "1770"]
[BlackElo "1730"]
[PlyCount "74"]
[EventDate "2003.??.??"]

1. d4 d5 2. c4 e6 3. Nf3 Nf6 4. Nc3 c6 5. Qc2 Nbd7 6. Bf4 Bb4 7. a3 Qa5 8. Nd2
O-O 9. Rc1 Bxc3 10. Qxc3 Qxc3 11. Rxc3 Re8 12. e3 e5 13. dxe5 Nxe5 14. Be2 Bf5
15. O-O Ne4 16. Nxe4 dxe4 17. Rd1 Nd3 18. Bxd3 exd3 19. f3 Rad8 20. e4 Be6 21.
b3 f5 22. Rcxd3 Rxd3 23. Rxd3 b5 24. cxb5 cxb5 25. e5 h6 26. h4 Rc8 27. Be3 a6
28. f4 Rc2 29. g3 Rb2 30. b4 Rb3 31. Rxb3 Bxb3 32. Kf2 Kf7 33. Ke2 Bc4+ 34. Kd2
Ke6 35. Bc5 h5 36. Ke3 Kd5 37. Bd4 g6 1/2-1/2

[Event "Interclubs Adultes"]
[Site "?"]
[Date "2003.12.07"]
[Round "3.8"]
[White "Darcet, Jordan"]
[Black "Robert, Guillaume"]
[Result "0-1"]
[WhiteElo "1180"]
[BlackElo "1570"]
[PlyCount "74"]
[EventDate "2003.??.??"]

1. e4 c6 2. Nc3 d5 3. exd5 cxd5 4. d4 Nf6 5. Bf4 a6 6. Bd3 Nc6 7. Nge2 Qb6 8.
Be5 e6 9. O-O Ng4 10. Na4 Qb4 11. c3 Qe7 12. Nb6 Ncxe5 13. Nxa8 Ng6 14. Ng3 Nf6
15. Nb6 Qc7 16. Nxc8 Qxc8 17. Rc1 b5 18. b3 Bd6 19. a4 bxa4 20. bxa4 O-O 21. c4
dxc4 22. Bxc4 Qa8 23. Nh5 Be7 24. Nxf6+ Bxf6 25. d5 Rd8 26. d6 Nh4 27. f3 Qa7+
28. Rf2 Bd4 29. Qf1 Rxd6 30. Bxa6 Bxf2+ 31. Kh1 g6 32. g3 Qxa6 33. gxh4 Qxf1+
34. Rxf1 Bxh4 35. Ra1 Kg7 36. a5 Ra6 37. Kg2 Bd8 0-1

[Event "Interclubs Adultes"]
[Site "?"]
[Date "2004.01.18"]
[Round "4.1"]
[White "Noharet, Michael"]
[Black "Andrez, Marc-Olivier"]
[Result "0-1"]
[WhiteElo "1810"]
[BlackElo "2173"]
[PlyCount "34"]
[EventDate "2004.??.??"]

1. f4 g6 2. Nf3 Bg7 3. e4 c5 4. Bc4 Nc6 5. e5 d5 6. exd6 exd6 7. O-O Nge7 8. a3
O-O 9. Kh1 d5 10. Ba2 Bg4 11. c3 Nf5 12. Qb3 c4 13. Qxb7 Na5 14. Qb5 Bxf3 15.
Rxf3 Qh4 16. g3 Qh3 17. Qc5 Nh4 0-1